000 00755nam a22002417a 4500
001 41949
003 UA-OsUOA
005 20200420205619.0
007 ta
008 20061018b un ||||| |||| 00| 0 ukr d
020 _a966-580-097-3
040 _aUA-OsUOA
_bukr
_cUA-OsUOA
_dUA-OsUOA
041 _aukr
080 _a32(075.8)
090 _a32(075.8)
_bП50
245 _aПолітологія
_bПідручник для студентів вищих навчальних закладів
_cЗа ред. О. В. Бабкіної
260 _aК.
_bАкадемія
_c2003
300 _a528 с.
650 7 _a32 Політика
_2UDC
942 _cBK
_2udc
955 _a2
999 _c328081
_d328081